C♯ .Net illuminated / (Record no. 66176)
[ view plain ]
| 000 -LEADER | |
|---|---|
| fixed length control field | 00762nam a2200265 a 4500 |
| 001 - CONTROL NUMBER | |
| control field | 66176 |
| 003 - CONTROL NUMBER IDENTIFIER | |
| rucl marc code | BD-RjUL |
| 005 - DATE AND TIME OF LATEST TRANSACTION | |
| control field | 20211209081516.0 |
| 008 - FIXED-LENGTH DATA ELEMENTS--GENERAL INFORMATION | |
| fixed length control field | 170314s2008 ii ||||| |||| 001 0 eng d |
| 020 ## - INTERNATIONAL STANDARD BOOK NUMBER | |
| International Standard Book Number | 8130909731 |
| International Standard Book Number | 9788130909738 |
| 035 ## - SYSTEM CONTROL NUMBER | |
| System control number | (BD-RjUL)66306 |
| 040 ## - CATALOGING SOURCE | |
| Original cataloging agency | BD-RjUL |
| Language of cataloging | eng |
| Transcribing agency | BD-RjUL |
| 041 ## - LANGUAGE CODE | |
| Language code of text/sound track or separate title | eng |
| 082 ## - DEWEY DECIMAL CLASSIFICATION NUMBER | |
| Edition number | 23 |
| Classification number | 005.133 |
| Author mark and year | GIC 2008 |
| 100 ## - MAIN ENTRY--PERSONAL NAME | |
| Personal name | Gittleman, Art, |
| 9 (RLIN) | 195828 |
| 245 ## - TITLE STATEMENT | |
| Title | C♯ .Net illuminated / |
| Statement of responsibility, etc. | Art Gittleman |
| 260 ## - PUBLICATION, DISTRIBUTION, ETC. (IMPRINT) | |
| Place of publication, distribution, etc. | New Delhi : |
| Name of publisher, distributor, etc. | Viva Books , |
| Date of publication, distribution, etc. | 2008. |
| 300 ## - PHYSICAL DESCRIPTION | |
| Pagination | xiv, 349 p. : |
| Illustrations | ill. ; |
| Size | 24 cm. |
| 500 ## - GENERAL NOTE | |
| General note | Includes index. |
| 650 ## - SUBJECT ADDED ENTRY--TOPICAL TERM | |
| Topical term or geographic name as entry element | Microsoft .NET Framework |
| 9 (RLIN) | 195829 |
| Topical term or geographic name as entry element | C# (Computer program language) |
| 9 (RLIN) | 194852 |
| Topical term or geographic name as entry element | Microsoft Visual studio |
| 9 (RLIN) | 195830 |
| 942 ## - ADDED ENTRY ELEMENTS (KOHA) | |
| Source of classification or shelving scheme | Dewey Decimal Classification |
| Koha item type | Books |
| Lost status | Source of classification or shelving scheme | Damaged status | Not for loan | Collection code | Permanent Location | Current Location | Shelving location | Date acquired | Source of acquisition | Cost, normal purchase price | Total Checkouts | Full call number | Date last seen | Copy number | Koha item type |
|---|---|---|---|---|---|---|---|---|---|---|---|---|---|---|---|
| Dewey Decimal Classification | Not For Loan | Non-fiction | Central Library, University of Rajshahi | Central Library, University of Rajshahi | Reading Room | 12/07/2009 | Dhaka, Ahsania mission book dis. home. | 1543.50 | 005.133 GIC 2008 | 14/03/2017 | C-1 | Books |